2. Bundesliga clubs - Statistics

General Stats
  • This quiz has been taken 160 times
  • The average score is 14 of 18
Answer Stats
Answer % Correct
Schalke 04
95%
Hertha BSC
90%
1.FC Nürnberg
85%
Dynamo Dresden
85%
Fortuna Düsseldorf
85%
Hannover 96
85%
Kaiserslautern
85%
Bochum
80%
Elversberg
80%
Eintracht Braunschweig
77%
Arminia Bielefeld
76%
Karlsruher SC
76%
Paderborn
76%
Darmstadt
73%
Holstein Kiel
73%
Magdeburg
72%
Preussen Münster
71%
Greuther Fürth
66%
No matching quizzes found
Score Distribution
Percent of People with Each Score
Percentile by Number Answered
Your Score History
You have not taken this quiz